Manual de redacción
Kaydedildi:
| Yazar: | |
|---|---|
| Materyal Türü: | Kitap |
| Dil: | İspanyolca |
| Baskı/Yayın Bilgisi: |
San Juan
Plaza Mayor
1993
|
| Edisyon: | 1a. ed |
| Konular: | |
| Etiketler: |
Etiketle
Etiket eklenmemiş, İlk siz ekleyin!
|
MARC
| LEADER | 00000nam a2200000 a 4500 | ||
|---|---|---|---|
| 001 | UCJ1994 | ||
| 003 | CL-VaPUC | ||
| 008 | 061124e19930000PR |||||||||||||||||spa|d | ||
| 020 | |a 156328037X | ||
| 082 | 0 | 4 | |a 808.0461 |b FEL |2 21 |
| 100 | 0 | |a Feliciano Rivera, José Raúl |e author |9 502841 | |
| 245 | 1 | 0 | |a Manual de redacción |
| 250 | |a 1a. ed | ||
| 300 | |a 209 p | ||
| 942 | |c BK | ||
| 945 | |d 20061124 00:00:00 |a cmena | ||
| 260 | |a San Juan |b Plaza Mayor |c 1993 | ||
| 650 | 0 | |a Redacción de textos |9 446760 | |
| 650 | 0 | |a Manuales |9 257144 | |
| 650 | 0 | |a Retórica |9 266620 | |
| 583 | |a last modification |c 20061124 00:00:00 |k Rodrigo Vera | ||
| 999 | |c 318413 |d 318411 | ||
| 952 | |0 0 |1 0 |4 0 |6 808_046100000000000_FEL_1993 |7 0 |8 A |9 396189 |a FDOPOS |b FDOPOS |d 2019-11-22 |i 4301234 |o 808.0461 FEL 1993 |p 4301234 |r 2025-01-22 |w 2019-11-22 |y BK |k MLA | ||